00629nam a2200181Ia 4500100003400000250000600034942000700040654001000047245003200057260002800089082001500117300000800132546001200140999001700152952009200169952009300261952009300354 aStones/Richard/ Matthew/neil  a2 cBK alinux aBeginning Linux programming bShroff Publishersc2002 a5.133bSTO a945 aENGLISH c21145d21145 001040708CRCaCRCEb428d2023-03-17l0o5.133 STOp12773r2023-10-03w2023-03-17yBK 001040708CRCaCRCEbCRCEd2023-03-17l0o5.133 STOp12774r2023-03-17w2023-03-17yBK 001040708CRCaCRCEbCRCEd2023-03-17l0o5.133 STOp12775r2023-03-17w2023-03-17yBK